| 000 | 00000nam 2200000zi 4500 |
| 001 | 9.935251 |
| 003 | CaOODSP |
| 005 | 20240809093347 |
| 006 | m o d f |
| 007 | cr mn||||||||| |
| 008 | 240311t20242024onc ob f000 0 fre d |
| 020 | |a9780660707396 |
| 040 | |aCaOODSP|bfre|erda|cCaOODSP |
| 043 | |an-cn--- |
| 045 | |ay2y2 |
| 086 | 1 |aM4-247/2024F-PDF |
| 245 | 00|aÉtude sur les perceptions à l'égard de la transition énergétique et de l'abordabilité de l'énergie: |brapport final / |cpréparé pour Ressources naturelles Canada. |
| 264 | 1|aOttawa (Ontario) : |bRessources naturelles Canada, |c2024. |
| 264 | 4|c©2024 |
| 300 | |a1 ressource en ligne (62 pages) + |bsommaire (12 pages) |
| 336 | |atexte|btxt|2rdacontent/fre |
| 337 | |ainformatique|bc|2rdamedia/fre |
| 338 | |aressource en ligne|bcr|2rdacarrier/fre |
| 500 | |aPublié aussi en anglais sous le titre : Energy transition and energy affordability perceptions study : final report. |
| 500 | |a« Unclassified - Non classifié. » |
| 500 | |a« Mars 2024. » |
| 500 | |a« Fournisseur : Le groupe-conseil Quorus Inc. » |
| 500 | |a« Numéro du contrat : CW2341464. » |
| 500 | |a« Numéro de ROP : 098-23. » |
| 504 | |aComprend des références bibliographiques. |
| 650 | 6|aTransition énergétique|zCanada|xOpinion publique. |
| 650 | 6|aÉnergies propres|zCanada|xOpinion publique. |
| 650 | 6|aTransition énergétique|zCanada|xCoût|xOpinion publique. |
| 650 | 6|aÉnergies propres|zCanada|xCoût|xOpinion publique. |
| 650 | 6|aOpinion publique|zCanada. |
| 710 | 1 |aCanada. |bRessources naturelles Canada, |eorganisme de publication. |
| 710 | 2 |aGroupe conseil Quorus, |econsultant. |
| 775 | 08|tEnergy transition and energy affordability perceptions study : |w(CaOODSP)9.935244 |
| 856 | 40|qPDF|s1.17 Mo|uhttps://publications.gc.ca/collections/collection_2024/rncan-nrcan/M4-247-2024-fra.pdf|z(rapport final) |
| 856 | 40|qPDF|s551 Ko|uhttps://publications.gc.ca/collections/collection_2024/rncan-nrcan/M4-247-2024-1-fra.pdf|z(sommaire) |
| 856 | 4 |qHTML|sS.O.|uhttps://epe.bac-lac.gc.ca/100/200/301/pwgsc-tpsgc/por-ef/natural_resources/2024/098-23-f/098-23-rapport.html|z(rapport final) |
| 856 | 4 |qHTML|sS.O.|uhttps://epe.bac-lac.gc.ca/100/200/301/pwgsc-tpsgc/por-ef/natural_resources/2024/098-23-f/sommaire/098-23-sommaire.html|z(sommaire) |
| 856 | 4 |qHTML|sS.O.|uhttps://epe.bac-lac.gc.ca/100/200/301/pwgsc-tpsgc/por-ef/natural_resources/2024/098-23-f/index.html|z(ensemble de données complet) |